German Movies considered the Best - Statistics

General Stats
  • This quiz has been taken 58 times
    52 since last reset
  • The average score is 7 of 24
Answer Stats
Hint Answer % Correct
1931 M
91%
1927 Metropolis
84%
2006 The Lives of Others
68%
1922 Nosferatu
57%
1981 Das Boot
50%
2004 Downfall
45%
1998 Run Lola Run
43%
1920 The Cabinet of Dr. Caligari
36%
1987 Wings of Desire
34%
2003 Goodbye, Lenin!
32%
1979 The Tin Drum
30%
1985 Fitzcarraldo
20%
1972 Aguirre, the Wrath of God
18%
1974 Ali: Fear Eats Soul
18%
1935 Triumph of the Will
16%
1978 The Marriage of Maria Braun
14%
2009 The White Ribbon
14%
1926 Faust
7%
1997 Funny Games
7%
1984 The NeverEnding Story
7%
1996 Knockin' On Heaven's Door
2%
1929 Pandora's Box
2%
1955 Sissi
2%
2004 Head-On
0%
No matching quizzes found
Score Distribution
Percent of People with Each Score
Percentile by Number Answered
Your Score History
You have not taken this quiz since the last reset